| 000 | 00436nam a2200169 4500 | ||
|---|---|---|---|
| 001 | 121771 | ||
| 003 | ES-MaACL | ||
| 005 | 20230906191824.0 | ||
| 007 | t| | ||
| 008 | 070214s1969 sp r ||||1| spa d | ||
| 100 | 1 |
_aPortis, Charles. _993274 |
|
| 245 | 1 | 0 |
_aMattie / _cCharles Portis. |
| 250 | _a1ยช. ed. | ||
| 260 |
_aBarcelona : _bBruguera, _c1969. |
||
| 300 |
_a224 p. : _bil. ; _c21 cm. |
||
| 852 |
_aES-MaACL _jC-38920 _bR.70917 |
||
| 999 |
_c121771 _d121771 |
||